| 000 | 00532nam a2200181 a 4500 | ||
|---|---|---|---|
| 005 | 20140310183241.0 | ||
| 008 | 041026s19uu xx 00 eng d | ||
| 020 | _a076714004955 | ||
| 050 |
_aPE 1117 _b.D548 2004 |
||
| 100 | _aDickens, Charles | ||
| 245 |
_aGreat expectations / _cCharles Dickens. |
||
| 260 |
_aUSA : _bSimon & Schuster Inc., _c2004. |
||
| 300 |
_a632 p. : _c18 cm. |
||
| 650 | _aDickens, Charles, 1812-1870. | ||
| 650 |
_aGreat expectations _xExaminations _xStudy guides. |
||
| 942 |
_cBK _2lcc |
||
| 999 |
_c20615 _d20615 |
||